El simbolismo del sagrado corazón de Jesucristo: sermones breves de mucha doctrina sobre Cristo
Gardado en:
| Autor Principal: | |
|---|---|
| Formato: | Libro |
| Idioma: | Lingua castelá |
| Publicado: |
Bilbao
El Mensajero del Corazón de Jesús
1925
|
| Edición: | 1a. ed |
| Subjects: | |
| Tags: |
Engadir etiqueta
Sen Etiquetas, Sexa o primeiro en etiquetar este rexistro!
|
MARC
| LEADER | 00000cam a2200000 a 4500 | ||
|---|---|---|---|
| 001 | UCE9643 | ||
| 003 | CL-VaPUC | ||
| 008 | 151029e19250000sp |||||||||||||||||spa|d | ||
| 082 | 0 | 4 | |a 232 |b LEO |2 21 |
| 100 | |a Leonardi P., Segismundo |e author |9 582520 | ||
| 245 | 1 | 3 | |a El simbolismo del sagrado corazón de Jesucristo: sermones breves de mucha doctrina sobre Cristo |
| 250 | |a 1a. ed | ||
| 300 | |a 256 p | ||
| 942 | |c BK | ||
| 945 | |d 20151029 22:28:00 |a gsalatino | ||
| 260 | |a Bilbao |b El Mensajero del Corazón de Jesús |c 1925 | ||
| 600 | 0 | |a Jesús |9 313614 | |
| 650 | 0 | |a Cristología |9 315091 | |
| 650 | 7 | |a SERMONES |2 CL-VaPUC |9 317687 | |
| 583 | |a last modification |c 20151029 22:28:00 |k Rodrigo Vera | ||
| 999 | |c 361288 |d 361286 | ||
| 952 | |0 0 |1 0 |3 erd |4 0 |6 232_000000000000000_LEO_1925 |7 0 |8 P |9 471713 |a BIBTEO |b BIBTES |c TEO_FTES |i 5207592 |o 232 LEO 1925 |p 5207592 |r 2024-01-18 |w 2019-11-24 |y BK |z Catalogado en:20151029 |k ICR | ||